The woman movement /

Key, a noted Swedish feminist, reflects on the woman movement, painting an optimistic picture of women's future.

Tallennettuna:
Bibliografiset tiedot
Päätekijä: Key, Ellen, 1849-1926
Muut tekijät: Borthwick, Mamah Bouton, d. 1914
Aineistotyyppi: Kirja
Kieli:English
Julkaistu: New York : Putnam, 1912.
Aiheet:
LEADER 00991nam a2200229 i 4500
001 c000338072
003 CARM
005 00000000000000.0
008 830519s1912 nyu b 00010 eng d
019 1 |a 2648925  |5 LACONCORD2021 
035 |a (OCoLC)4153099  |5 LACONCORD2021 
100 1 |a Key, Ellen,  |d 1849-1926. 
245 1 4 |a The woman movement /  |c by Ellen Key; translated by Mamah Bouton Borthwick ; with an introduction by Havelock Ellis. 
260 |a New York :  |b Putnam,  |c 1912. 
300 |a xvii, 224 p. ;  |c 20 cm. 
520 |a Key, a noted Swedish feminist, reflects on the woman movement, painting an optimistic picture of women's future. 
650 0 |a Women  |x Social conditions. 
650 0 |a Feminism. 
700 1 |a Borthwick, Mamah Bouton,  |d d. 1914. 
852 8 |b CARM  |h A1:AO09A0  |i A04317  |p 0351409  |f BK 
999 f f |i c927fa97-3213-54c3-ba2d-ca8cd23bf6cb  |s 4655d054-66bd-54c4-abbc-ead90749ef17 
952 f f |p Can circulate  |a CAVAL  |b CAVAL  |c CAVAL  |d CARM 1 Store  |e A04317  |f A1:AO09A0  |h Other scheme  |i book  |m 0351409